| 000 | 00900nam a2200289 i 4500 | ||
|---|---|---|---|
| 003 | EG-GICUC | ||
| 005 | 20260502163948.0 | ||
| 008 | 260502s1959 fr |||fr|||| 00| 0 fre d | ||
| 040 |
_aEG-GiCUC _bfre _cEG-GiCUC _dEG-GiCUC _eRda |
||
| 082 | 0 | 4 |
_221 _a343.67 _bJO . C |
| 092 | 0 | 4 | _221 |
| 099 | _aLaw1 10 343.67 JO . C 1959 | ||
| 100 | 1 |
_aJoly, Henri _eAuteur |
|
| 245 | 1 | 3 |
_aLe Combat Contre Le Crime / _cHenri Joly. |
| 264 | 1 |
_aParis : _bLibrairie Léopold Cerf, _c1959. |
|
| 264 | 3 |
_aVersailles : _bImprimerie Cerf Et Fils, |
|
| 300 |
_a435 page; _c 24 cm. |
||
| 336 |
_2rda contenu _a texte |
||
| 337 |
_2rda medias _aOrdinateur |
||
| 338 |
_2 transporteur rda _a Ressource en ligne |
||
| 650 | 1 |
_aCrime Prevention _2qrmak |
|
| 650 | 1 |
_aCriminal Law _2qrmak |
|
| 651 | 1 | _2qrmak | |
| 856 | 4 | 0 | _uhttps://fll.law.cu.edu.eg/fulltext/bks/B10-11124.pdf |
| 905 | _a54 | ||
| 942 |
_2ddc _cBK _e21 _n0 |
||
| 999 |
_c74897 _d74897 |
||